| 000 | 01679nam0a2200397 4500 | ||
|---|---|---|---|
| 001 | RU\NLR\bibl\1077067 | ||
| 005 | 20260408205734.0 | ||
| 010 |
_a5-933306-107-7 _9600 |
||
| 021 |
_aRU _b2007-13186 _9702 |
||
| 035 | _a(nilc)RSL-KNO-003051847 | ||
| 035 | _a(NLR Aleph) 001064261 | ||
| 090 |
_a958122 _c958122 |
||
| 100 | _a20070306d2006 |||y0rusy50 ca | ||
| 101 | 0 | _arus | |
| 102 | _aRU | ||
| 105 | _ay z ||||| | ||
| 106 | _ar | ||
| 200 | 1 |
_aРеформирование платежных систем в условиях финансовой интеграции: роль центрального банка _eмонография _fС. В. Криворучко |
|
| 210 |
_aМосква _cБДЦ-Пресс _d2006 |
||
| 215 |
_a155 с. _cтабл. _d21 |
||
| 320 | _aБиблиогр.: с. 154-155 | ||
| 601 | 0 | 2 |
_aЦентральный банк Российской Федерации _91744354 _3RU\NLR\AUTH\661076683 |
| 606 |
_aПлатежные системы _yРоссийская Федерация _3RU\NLR\AUTH\6601550982 _92187098 |
||
| 610 | 0 | _aЭкономика -- Российская Федерация -- Финансы -- Организация расчетов -- Управление | |
| 610 | 0 | _aплатежная система | |
| 610 | 0 | _aцентральный банк | |
| 686 | 1 | _aУ26(2)210.0 | |
| 686 | 1 | _aУ26(2)23 | |
| 700 | 1 |
_4070 _8rus _7ca _aКриворучко _bС. В. _gСветлана Витальевна _3RU\NLR\auth\7768282 _951210 |
|
| 801 | 0 |
_aRU _bРКП _c20070306 _grcr |
|
| 801 | 1 |
_aRU _bРГБ _c20070306 |
|
| 801 | 2 |
_aRU _bNLR _c20070425 _grcr |
|
| 942 | _cBOOK | ||
| 980 | _aNB | ||